Lampada spenta : romanzo /

Salvato in:
Dettagli Bibliografici
Altri autori: Lentati, Mimi Olivia
Natura: Libro
Lingua:italiano
Pubblicazione: Milano : TEA, 1995
Serie:TEAdue ; 314
Tags: Aggiungi Tag
Nessun Tag, puoi essere il primo ad aggiungerne!!

MARC

LEADER 00000nam a22000007i 4500
001 IT\ICCU\UBO\1102914
003 ItRI
005 20260115231931.0
008 000907s1995 it |||||| ||||| |||||c
020 |a 8878197467 
040 |b ita  |c importazione bologna sebina 
041 7 |a ita  |2 ISO-639-2 
130 4 |a The unlit lamp  |3 IT\ICCU\CFI\0002044  |9 Hall, Radclyffe 
245 0 0 |a Lampada spenta :  |b romanzo /  |c Radclyffe Hall ; introduzione di Zoe Fairbairns ; traduzione di Mimi Oliva Lentati. 
260 |a Milano :  |b TEA,  |c 1995 
300 |a 374 p. ;  |c 20 cm. 
700 1 |a Lentati, Mimi Olivia  |0 IT\ICCU\UBOV\421169 
830 0 |a TEAdue ;  |v 314  |0 IT\ICCU\CFI\0134828 
942 |2 ddc  |c BK  |n 0 
952 |0 0  |1 0  |4 0  |6 L_823_912000000000000_HAL  |7 0  |9 17038  |a BO  |b BO  |d 2026-01-15  |i 15800  |l 0  |o L 823.912 HAL  |p BO15800  |r 2026-01-15 23:19:31  |w 2026-01-15  |x [Sebina 5] [1 v.]  |y BK  |z 1 v. 
999 |c 14552  |d 14552